01339 2200301 4500001002100000008004100021020002200062035002000084082000800104084001400112100001700126245006300143250000600206260002800212300002800240520063600268650001300904990001200917990001200929990001200941990001200953990001200965990001200977990001200989990001201001990001201013990001201025INLIS000000000000015 ind  a978-602-412-652-0 a0010-0324000015 a900 a900 ABI s aBesman, Abie aSang PatriotbKisah Seorang Pahlawan RevolusicAbie Besman a1 aJakarta :bKompasc2019 a384 hlm.c15 cm x 23 cm aSosok Pierre Andries Tendean kerap disebut setiap harinya, entah sebagai nama jalan, gedung ataupun simbol militer. Kisah-kisah hidupnya berseliweran di blog dunia maya, baik yang berbasis fakta maupun kisah-kisah fiksi karangan semata. Sesungguhnya, sosok asli si pemilik nama jarang diungkap lebih detail dalam biografi resmi ataupun literatur sejarah di negeri ini. Saat gugur dalam peristiwa Gerakan 30 September 1965, Pierre berpangkat letnan satu, pangkat yang rendah bila dibandingkan dengan enam kompatriotnya yang gugur waktu itu. Pierre gugur saat menjabat sebagai ajudan Menko Hankam/Kasab Jenderal Abdul Haris Nasution. aBiografi a0744871 a0744872 a0744873 a0744874 a0744875 a0744876 a0744877 a0744878 a0744879 a0744880